Structure and Properties of a Titanium Film – Aluminum Substrate System Alloyed by an Intense Pulsed Electron Beam; Key Engineering Materials; Vol. 683 : Multifunctional Materials: Development and Application

Bibliographic Details
Parent link:Key Engineering Materials: Scientific Journal
Vol. 683 : Multifunctional Materials: Development and Application.— 2016.— [P. 9-14]
Corporate Author: Национальный исследовательский Томский политехнический университет (ТПУ)
Other Authors: Krysina O., Rygina M. Maria, Petrikova E., Teresov A. D., Ivanov Y.
Summary:Title screen
The structure and properties of a Ti film – Al substrate system alloyed by an intense pulsed electron beam are studied. It is shown that electron beam melting of this system provides the formation of a multiphase submicrocrystalline structure with high strength and tribological properties in the surface layer. Irradiation modes, which allow an increase in the microhardness of the material and a decrease in its wear rate, are defined. Physical substantiation of this phenomenon is given.
Режим доступа: по договору с организацией-держателем ресурса
Language:English
Published: 2016
Series:Physicochemical Properties of Materials and Current Processing Technologies
Subjects:
Online Access:http://dx.doi.org/10.4028/www.scientific.net/KEM.683.9
Format: Electronic Book Chapter
KOHA link:https://koha.lib.tpu.ru/cgi-bin/koha/opac-detail.pl?biblionumber=646592

MARC

LEADER 00000nla2a2200000 4500
001 646592
005 20231101134426.0
035 |a (RuTPU)RU\TPU\network\11728 
035 |a RU\TPU\network\11717 
090 |a 646592 
100 |a 20160304a2016 k y0engy50 ba 
101 0 |a eng 
105 |a y z 100zy 
135 |a drcn ---uucaa 
181 0 |a i  
182 0 |a b 
200 1 |a Structure and Properties of a Titanium Film – Aluminum Substrate System Alloyed by an Intense Pulsed Electron Beam  |f O. Krysina [et al.] 
203 |a Text  |c electronic 
225 1 |a Physicochemical Properties of Materials and Current Processing Technologies 
300 |a Title screen 
330 |a The structure and properties of a Ti film – Al substrate system alloyed by an intense pulsed electron beam are studied. It is shown that electron beam melting of this system provides the formation of a multiphase submicrocrystalline structure with high strength and tribological properties in the surface layer. Irradiation modes, which allow an increase in the microhardness of the material and a decrease in its wear rate, are defined. Physical substantiation of this phenomenon is given. 
333 |a Режим доступа: по договору с организацией-держателем ресурса 
461 0 |0 (RuTPU)RU\TPU\network\11477  |t Key Engineering Materials  |o Scientific Journal 
463 0 |0 (RuTPU)RU\TPU\network\11495  |t Vol. 683 : Multifunctional Materials: Development and Application  |o The XII International Conference "Prospects of Fundamental Sciences Development" (PFSD-2015), April 21-24, 2015, Tomsk, Russia  |o [proceedings]  |f National Research Tomsk Polytechnic University (TPU) ; eds. I. A. Kurzina, A. Yu. Godymchuk (Godimchuk)  |v [P. 9-14]  |d 2016 
610 1 |a электронный ресурс 
610 1 |a труды учёных ТПУ 
610 1 |a алюминий 
610 1 |a пленки 
610 1 |a подложки 
610 1 |a свойства 
610 1 |a импульсные пучки 
610 1 |a электронные пучки 
610 1 |a структура 
610 1 |a титан 
701 1 |a Krysina  |b O. 
701 1 |a Rygina  |b M.  |g Maria 
701 1 |a Petrikova  |b E. 
701 1 |a Teresov  |b A. D. 
701 1 |a Ivanov  |b Y. 
712 0 2 |a Национальный исследовательский Томский политехнический университет (ТПУ)  |c (2009- )  |2 stltpush  |3 (RuTPU)RU\TPU\col\15902 
801 2 |a RU  |b 63413507  |c 20160304  |g RCR 
856 4 |u http://dx.doi.org/10.4028/www.scientific.net/KEM.683.9 
942 |c CF